English grammar & idioms / (Record no. 40834)

MARC details
000 -LEADER
fixed length control field 00668nam a22002057a 4500
005 - DATE AND TIME OF LATEST TRANSACTION
control field 20100811105114.0
010 ## - LCCN (DPL NO)
LC control number ENG-99661
020 ## - INTERNATIONAL STANDARD BOOK NUMBER
International Standard Book Number 8188295132
Terms of availability 45.00
035 ## - SYSTEM CONTROL NUMBER
System control number EN-83193
037 ## - SOURCE OF ACQUISITION
Source of stock number/acquisition DBAD/PUB
082 ## - DEWEY DECIMAL CLASSIFICATION NUMBER
Classification number 485
100 ## - MAIN ENTRY--PERSONAL NAME
Personal name Ponalagu, AV.
245 ## - TITLE STATEMENT
Title English grammar & idioms /
Statement of responsibility, etc by AV. Ponalagu
260 ## - PUBLICATION, DISTRIBUTION, ETC. (IMPRINT)
Place of publication, distribution, etc Trichi
Name of publisher, distributor, etc Nawal Publications
Date of publication, distribution, etc 2007
270 ## - ADDRESS
Address P.B. No.473, 51, Jabarsha Street
City Trichi
Postal code 8
300 ## - PHYSICAL DESCRIPTION
Extent 76p.
Dimensions 21cm (pbk)
500 ## - GENERAL NOTE
General note Includes bibliographical references
942 ## - ADDED ENTRY ELEMENTS (KOHA)
Source of classification or shelving scheme Dewey Decimal Classification
Item type English Books
Classification part 485
Call number suffix PON
Holdings
Withdrawn status Lost status Not for loan Collection code Home library Current library Date acquired Source of acquisition Cost, normal purchase price Full call number Barcode Copy number Cost, replacement price Koha item type
    Not For Loan Non-fiction D.B.Act.Division D.B.Act.Division 11/08/2010 DBAD/PUB 45.00 485 PON EN-83193 1 45.00 English Books

© Delhi Public Library
Hit Counter
free hit counter